La explotación del gran cañón del Colorado

Gespeichert in:
Bibliographische Detailangaben
1. Verfasser: Powell, John Wesley
Format: Buch
Sprache:Undetermined
Veröffentlicht: Barcelona, España Laertes 1983
Schlagworte:
Tags: Tag hinzufügen
Keine Tags, Fügen Sie den ersten Tag hinzu!

MARC

LEADER 00000nam a2200000Ia 4500
008 170316s9999 xx 000 0 und d
040 |a cru BVZT 
090 |a 810 P-21e 
100 |a Powell, John Wesley 
245 |a La explotación del gran cañón del Colorado 
260 |a Barcelona, España 
260 |b Laertes 
260 |c 1983 
300 |a 254 páginas 
650 |a LITERATURA ESTADOUNIDENSE 
999 |c 6053  |d 6053 
942 |c 15 D  |h 810 P-21e  |2 z